Nadakeeyanubhavam Enna Resam (Record no. 41062)

MARC details
000 -LEADER
fixed length control field 00475nam a2200181Ia 4500
003 - CONTROL NUMBER IDENTIFIER
control field OSt
005 - DATE AND TIME OF LATEST TRANSACTION
control field 20220517065324.0
008 - FIXED-LENGTH DATA ELEMENTS--GENERAL INFORMATION
fixed length control field 211109s9999||||xx |||||||||||||| ||und||
040 ## - CATALOGING SOURCE
Transcribing agency SBCL
082 ## - DEWEY DECIMAL CLASSIFICATION NUMBER
Classification number 894.8122
Item number SAM-K
100 ## - MAIN ENTRY--PERSONAL NAME
Personal name M P Sankunni Nair,
245 #0 - TITLE STATEMENT
Title Nadakeeyanubhavam Enna Resam
260 ## - PUBLICATION, DISTRIBUTION, ETC.
Name of publisher, distributor, etc. Publication Dept
Place of publication, distribution, etc. Calicut University
Date of publication, distribution, etc. 1989
300 ## - PHYSICAL DESCRIPTION
Extent 140p
630 ## - SUBJECT ADDED ENTRY--UNIFORM TITLE
General subdivision GENERAL STACK
650 ## - SUBJECT ADDED ENTRY--TOPICAL TERM
Topical term or geographic name entry element MALAYALAM
942 ## - ADDED ENTRY ELEMENTS (KOHA)
Koha item type BOOK
650 ## - SUBJECT ADDED ENTRY--TOPICAL TERM
Form subdivision MALAYALAM LITERATUREMalayalam
Holdings
Withdrawn status Lost status Source of classification or shelving scheme Damaged status Not for loan Home library Current library Date acquired Cost, normal purchase price Full call number Barcode Shelving location Date last seen Price effective from Koha item type
    Dewey Decimal Classification     SB LIBRARY SB LIBRARY 09/11/2021 100.00 894.81207 SAM-K 00082689 GENERAL STACK 09/11/2021 09/11/2021 BOOK

Powered by Koha